| 000 | 00900nam a2200301 i 4500 | ||
|---|---|---|---|
| 001 | 000011855 | ||
| 003 | DO-SdBNP | ||
| 005 | 20240710114449.0 | ||
| 006 | a||||er|||| 00| 0 | ||
| 007 | ta | ||
| 008 | 091028s2004 dr 000 0 spa d | ||
| 020 | _a9993477354 | ||
| 040 |
_aDO-SdBNP _bspa _cBNPHU _erda |
||
| 082 | 4 |
_aRD863.44 _bC352e, 2004 _222 |
|
| 100 | 1 |
_aCastillo Javier, Gerardo, _d1963- _eautor _91677 |
|
| 245 | 1 | 0 |
_aEntre dragones. / _cGerardo Castillo Javier. |
| 250 | _a3a. edición | ||
| 264 |
_aSanto Domingo : _bPerla, _c2004. |
||
| 300 |
_a105 páginas ; _c20 cm. |
||
| 336 |
_2rdacontent _atexto _btxt |
||
| 337 |
_2rdamedia _asin mediación _bn |
||
| 338 |
_2rdacarreir _avolumen _bnc |
||
| 590 | _aInventariado, 2023 / MF | ||
| 650 | 0 |
_aCuentos dominicanos _9176 |
|
| 650 | 0 |
_aLiteratura dominicana. _967 |
|
| 910 | _aValidado. Control de calidad MMOLINA | ||
| 942 |
_2ddc _cLBS1 |
||
| 999 |
_c11529 _d11529 |
||